Hemingway : A collection of critical essays

Some of the most perceptive critics of our time focus on Hemingway the man, the artist, his major works, his short stories. In thisvolume, Roberts P. Weeks has compiled a full spectrum of Hemingway,...

שמור ב:
מידע ביבליוגרפי
מחבר ראשי: Hemingway, Ernest
פורמט: ספר
שפה:Undetermined
יצא לאור: New Jersey Prentice-Hall 1962
נושאים:
תגים: הוספת תג
אין תגיות, היה/י הראשונ/ה לתייג את הרשומה!
Thư viện lưu trữ: Trung tâm Học liệu Trường Đại học Cần Thơ
LEADER 00793nam a2200217Ia 4500
001 CTU_10046
008 210402s9999 xx 000 0 und d
082 |a 820.05 
082 |b H488 
100 |a Hemingway, Ernest 
245 0 |a Hemingway : 
245 2 |b A collection of critical essays 
245 0 |c Edited by Robert P. Weeks 
260 |a New Jersey 
260 |b Prentice-Hall 
260 |c 1962 
520 |a Some of the most perceptive critics of our time focus on Hemingway the man, the artist, his major works, his short stories. In thisvolume, Roberts P. Weeks has compiled a full spectrum of Hemingway,... 
650 |a American literature 
650 |x History and criticism 
904 |i Nguyễn Quang Điền 
980 |a Trung tâm Học liệu Trường Đại học Cần Thơ